00698nam a2200229 u 450000100100000000500170001000800410002702000150006804000250008308200180010810000290012624000300015524500600018526000410024530000280028649000190031450000360033365000280036965000320039770000200042983000190044900004659920240226141827.0170124s1986 sp a r 000 0 spa d a8476347553 aDO-SdBNPbspacBNPHU a843.8bV531ra1 aVerne, Julio,d1828-190510aLe rayon-vert.lEspañol13aEl rayo verde /cJulio Verne ; traducción, S. Nerval. aBarcelona :bEdiciones Orbis,c1986. a190 p. :bil. ;c20 cm.1 aJulio Vernev2 aTraducción de : Le rayon vert 4aNovela juvenil francesa 4aLiteratura juvenil francesa12aNerval, S.etr. 0aJulio Vernev2